Statistiques concernant Étaient-ils en vie quand...?

Cliquez ici pour prendre le quiz!

Statistiques générales

  • Ce quiz a été pris 9 092 fois
    (9 091 depuis la dernière actualisation)
  • Le résultat moyen est 10 sur 15

Statistiques - réponses

QuestionRéponse% Correct
Jésus était-il en vie quand le Mont Vésuve a détruit Pompéi ?Non
83%
Britney Spears était-elle en vie lors de la chute du Mur de Berlin ?Oui
83%
Georges Pompidou était-il en vie pendant la Première Guerre mondiale ?Oui
79%
Jules César était-il en vie durant la construction du Machu Picchu ?Non
78%
Napoléon était-il en vie lors du premier vol en avion des frères Wright ?Non
76%
Adolf Hitler était-il en vie lors de la première cérémonie des Oscars ?Oui
72%
Mao Zedong était-il en vie à l'indépendance de l'Algérie ?Oui
71%
William Shakespeare était-il en vie lors de la Bataille d'Hastings ?Non
66%
John Lennon était-il en vie quand Hawaï est devenu un état des États-Unis ?Oui
65%
La Reine Élisabeth II était-elle en vie lors du naufrage du Titanic ?Non
62%
Martin Luther King était-il en vie alors que l'esclavage était légal aux États-Unis ?Non
62%
Léonard de Vinci était-il en vie quand Christophe Colomb a débarqué en Amérique ?Oui
61%
Les mammouths laineux étaient-ils en vie à la construction de la Pyramide de Khéops ?Oui
53%
Voltaire était-il en vie lors de la Révolution Française ?Non
52%
Gandhi était-il en vie quand l'Homme a marché sur la Lune ?Non
46%

Distribution des résultats

Percentile par nombre de réponses

% des personnes avec chaque résultat

Votre développement - résultats

Vous n’avez pas pris ce quiz depuis la dernière actualisation